Представление документа в формате RUSMARC

ПолеНазваниеЗначение
  Тип записи a
  Библиографический уровень a
001 Контрольный номер RU/CBS_UL/BASE/419b9650c6794c6fafaa28755a4cc093
005 Дата корректировки 20230214151715.7
100 Данные общей обработки __
a Данные общей обработки 20230214 ||| 0rusy0189 ca
101 Язык документа 0_
a Язык текста rus
102 Страна публикации __
a Страна публикации RU
200 Заглавие и сведения об ответственности 1_
a Заглавие Патиссон на любой фасон
e Сведения, относящиеся к заглавию [о выращивании патиссонов]
f Первые сведения об ответственности А. Малахова
300 Общие примечания __
a Общие примечания 12+
461 Уровень набора _0
1 2000
a Приусадебное хозяйство
463 Уровень физической единицы _0
1 2000
a № 2
v С. 46-49
1 2101
d 2023
1 001RU/CBS_UL/BASE/89730c28f21048e2a942d059d2cdd6f3
606 Тематические рубрики 0_
a Основная рубрика Овощеводство - Тыквенные культуры
610 Ключевые слова 0_
a Ключевые слова овощеводство
610 Ключевые слова 0_
a Ключевые слова садоводство
610 Ключевые слова 0_
a Ключевые слова приусадебное садоводство
610 Ключевые слова 0_
a Ключевые слова овощные культуры
610 Ключевые слова 0_
a Ключевые слова тыквенные (семейства растений)
610 Ключевые слова 0_
a Ключевые слова патиссоны
610 Ключевые слова 0_
a Ключевые слова выращивание патиссонов
686 Индексы других классификаций __
a Классификационный индекс 42.34
700 Автор _1
a Фамилия Малахова
b Имя (инициалы) А.
801 Источник записи _0
a Страна RU
b Организация МБУК ЦБС г. Ульяновска
c Дата составления 20230214
g Правила каталогизации RCR
801 Источник записи _1
a Страна RU
b Организация МБУК ЦБС г. Ульяновска
c Дата составления 20230214
g Правила каталогизации RCR
901 Тип документа __
t Тип документа b
w Контрольный № источника RU/CBS_UL/BASE/89730c28f21048e2a942d059d2cdd6f3